000 00682nam a2200205Ia 4500
003 GCL
008 140319s9999 xx 000 0 ara d
040 _aGCL /
_cGCL
082 0 4 _a214.5
_bع ك
100 1 _aعلى جمعان الشكيل
245 1 0 _aالكيمياء فى الحضارة الاسلامية /
_cعلى جمعان الشكيل
260 _a[S.N] :
_bدار الشروق ،
_c1989
300 _a175 ص
490 _a
650 0 4 _aالحضارة العربية الاسلامية - المعارف البحرية
650 0 4 _aالكيمياء
650 0 4 _aالعلوم عند العرب
650 0 4 _aالحضارة الاسلامية
942 _2ddc
_cBK
999 _c58821
_d58821